Reaper - Clairo (Lyrics) - Statistics

General Stats
  • This quiz has been taken 4 times
  • The average score is 181 of 183
Answer Stats
Answer % Correct
a
100%
about
100%
again
100%
all
100%
and
100%
at
100%
be
100%
born
100%
breathe
100%
can
100%
can't
100%
claw
100%
closer
100%
come
100%
comes
100%
coming
100%
cupped
100%
did
100%
door
100%
down
100%
drain
100%
drive
100%
dunwoody
100%
eventually
100%
family
100%
far
100%
feel
100%
floor
100%
forgetting
100%
from
100%
fuck
100%
gonna
100%
hands
100%
have
100%
hear
100%
her
100%
i
100%
if
100%
i'll
100%
i'm
100%
in
100%
it
100%
it's
100%
keep
100%
knees
100%
know
100%
let
100%
listen
100%
me
100%
moon
100%
my
100%
nice
100%
not
100%
obnoxious
100%
obvious
100%
of
100%
on
100%
pain
100%
provider
100%
rabbit
100%
relief
100%
saying
100%
she's
100%
shoulder
100%
show
100%
sigh
100%
single
100%
sink
100%
so
100%
somebody
100%
spare
100%
swim
100%
team
100%
tell
100%
that
100%
the
100%
then
100%
there
100%
there's
100%
through
100%
to
100%
too"
100%
up
100%
voice
100%
walking
100%
when
100%
with
100%
you
100%
"you
100%
your
100%
you're
100%
pushed
75%
shame
75%
creep
50%
were
25%
No matching quizzes found
Score Distribution
Percent of People with Each Score
Percentile by Number Answered
Your Score History
You have not taken this quiz